[Event "Rated Blitz game"]
[Site "?"]
[Date "2021.01.12"]
[Round "?"]
[White "Kasparovillaseran"]
[Black "Tayota"]
[Result "0-1"]
[WhiteElo "2441"]
[BlackElo "2396"]
[PlyCount "218"]
[EventDate "2021.??.??"]
[EventType "blitz"]

1. e4 e5 2. Nf3 d5 3. d4 dxe4 4. Nxe5 Bd6 5. Nc3 Bxe5 6. dxe5 Qxd1+ 7. Nxd1 Nc6
8. Bf4 Nge7 9. Bb5 O-O 10. Nc3 Nd4 11. Ba4 b5 12. Bb3 Bb7 13. O-O-O c5 14. Bg5
Rfe8 15. Bxe7 Rxe7 16. Bd5 Bxd5 17. Nxd5 Rxe5 18. Nc3 f5 19. Rhe1 Rae8 20. Nb1
b4 21. a3 a5 22. c3 bxc3 23. Nxc3 g6 24. Kb1 e3 25. fxe3 Rxe3 26. Rxe3 Rxe3 27.
Na4 Nb3 28. Kc2 c4 29. Nb6 Re2+ 30. Kc3 Rxg2 31. Nxc4 Nc5 32. Nxa5 Na4+ 33. Kb3
Nxb2 34. Rd7 Rxh2 35. Nc6 Kf8 36. a4 Ke8 37. Re7+ Kf8 38. a5 Nd3 39. Rc7 Nc5+
40. Kc4 Rc2+ 41. Kb5 Ne6 42. Rxh7 Ra2 43. Ne5 Nd4+ 44. Kb6 Rb2+ 45. Kc7 Ra2 46.
Kb6 Rb2+ 47. Kc5 Nb3+ 48. Kb4 Nc1+ 49. Kc3 Ra2 50. Nxg6+ Kg8 51. Ra7 Ne2+ 52.
Kb3 Ra1 53. Ne7+ Kf7 54. Nxf5+ Kf6 55. Nd6 Ke6 56. Nb5 Kd5 57. Na3 Kc6 58. Rh7
Nd4+ 59. Ka4 Nc2 60. Kb3 Rxa3+ 61. Kxc2 Rxa5 62. Rh6+ Kb5 63. Rh5+ Ka6 64. Rh4
Rc5+ 65. Kb3 Kb5 66. Rh8 Rg5 67. Rb8+ Ka5 68. Rc8 Kb5 69. Rb8+ Ka5 70. Re8 Kb5
71. Re3 Rg4 72. Kc3 Ra4 73. Re5+ Kc6 74. Rh5 Kd6 75. Rh6+ Ke5 76. Rh5+ Kf6 77.
Rh8 Rf4 78. Rf8+ Kg5 79. Rc8 Kf5 80. Rc5+ Kg4 81. Kd3 Rf3+ 82. Ke2 Rf5 83. Rc4+
Kg5 84. Rc8 Kf6 85. Rf8+ Kg5 86. Ra8 Re5+ 87. Kd3 Rf5 88. Rg8+ Kf6 89. Rh8 Rd5+
90. Ke4 Rg5 91. Rh6+ Kg7 92. Rh1 Rg6 93. Rf1 Rh6 94. Rg1+ Rg6 95. Ra1 Rh6 96.
Kf5 Rf6+ 97. Kg5 Rg6+ 98. Kf4 Rf6+ 99. Ke5 Rg6 100. Ra7+ Kh6 101. Kf5 Rg5+ 102.
Kf4 Rg6 103. Ra5 Rf6+ 104. Kg3 Rg6+ 105. Kh4 Rf6 106. Rh5+ Kg6 107. Rg5+ Kf7
108. Ra5 Rg6 109. Kh5 Kg8 {Time forfeit} 0-1

[Event "Rated Blitz tournament Ypc3ksFW"]
[Site "?"]
[Date "2021.01.12"]
[Round "?"]
[White "music_2003"]
[Black "olarovfan"]
[Result "1-0"]
[WhiteElo "2383"]
[BlackElo "2474"]
[PlyCount "53"]
[EventDate "2021.??.??"]
[EventType "blitz"]

1. e4 e5 2. Nf3 d5 3. Nxe5 Bd6 4. d4 dxe4 5. Bc4 Bxe5 6. Qh5 Qd7 7. Qxe5+ Qe7
8. Qxg7 Qf6 9. Bxf7+ Qxf7 10. Qxh8 Nc6 11. Nc3 Be6 12. Bg5 h6 13. Bh4 Qf4 14.
g3 Qf3 15. Rg1 Kf8 16. d5 e3 17. Rf1 Bh3 18. g4 Re8 19. Ne2 Bxf1 20. Kxf1 exf2
21. Ng3 Ne5 22. Nf5 Qxg4 23. Qh7 Qg1+ 24. Ke2 Nc4+ 25. Kd3 f1=Q+ 26. Rxf1 Qxf1+
27. Kc3 {Time forfeit} 1-0

[Event "Rated Blitz game"]
[Site "?"]
[Date "2021.01.12"]
[Round "?"]
[White "Jakob19"]
[Black "Tayota"]
[Result "1-0"]
[WhiteElo "2413"]
[BlackElo "2393"]
[PlyCount "53"]
[EventDate "2021.??.??"]
[EventType "blitz"]

1. e4 e5 2. Nf3 d5 3. exd5 e4 4. Qe2 f5 5. d3 Nf6 6. Nc3 Bb4 7. dxe4 Bxc3+ 8.
bxc3 fxe4 9. Ba3 c6 10. dxc6 Nxc6 11. Ng5 Qa5 12. Nxe4 Qxa3 13. Nxf6+ Kf7 14.
Ne4 Re8 15. Qf3+ Kg8 16. Bc4+ Kh8 17. O-O Be6 18. Bb3 Ne5 19. Qh5 Bg4 20. Qh4
Bf5 21. Ng5 Qe7 22. Rfe1 Qf6 23. Rxe5 Rxe5 24. Nf7+ Kg8 25. Nxe5+ Be6 26. Qxf6
gxf6 27. Bxe6+ {Normal} 1-0

[Event "Rated Blitz game"]
[Site "?"]
[Date "2021.01.11"]
[Round "?"]
[White "Genrietta"]
[Black "DarthZannah"]
[Result "0-1"]
[WhiteElo "2309"]
[BlackElo "2415"]
[PlyCount "66"]
[EventDate "2021.??.??"]
[EventType "blitz"]

1. e4 e5 2. Nf3 d5 3. Nc3 d4 4. Ne2 Nc6 5. d3 Bc5 6. g3 f5 7. Bg2 fxe4 8. dxe4
Nf6 9. Qd3 Be6 10. a3 a5 11. O-O Qe7 12. Bd2 a4 13. Ng5 Bd7 14. b4 axb3 15.
cxb3 Rxa3 16. Rxa3 Bxa3 17. Ra1 O-O 18. Qc4+ Kh8 19. Rxa3 Qxa3 20. Nf7+ Rxf7
21. Qxf7 Qe7 22. Qc4 h6 23. h4 Kh7 24. b4 Qe6 25. Qb5 b6 26. Qd3 Qa2 27. f4 Ng4
28. b5 Ne7 29. f5 Nf6 30. Bf3 Qa1+ 31. Kg2 Qb2 32. g4 Bxb5 33. Qxb5 Qxb5 {
Normal} 0-1

[Event "Rated Blitz tournament mrg89Q0j"]
[Site "?"]
[Date "2021.01.11"]
[Round "?"]
[White "Bletab2-b3"]
[Black "Jlgg50972"]
[Result "1/2-1/2"]
[WhiteElo "2456"]
[BlackElo "2445"]
[PlyCount "54"]
[EventDate "2021.??.??"]
[EventType "blitz"]

1. e4 e5 2. Nf3 d5 3. d4 dxe4 4. Nxe5 Bd6 5. Nc4 Nf6 6. Nxd6+ Qxd6 7. c3 O-O 8.
Be2 Nc6 9. Na3 h6 10. Nb5 Qe7 11. O-O Bf5 12. Bf4 Nd5 13. Bg3 g5 14. Bc4 Nf4
15. Bxf4 gxf4 16. Qh5 Qg5 17. Qxg5+ hxg5 18. Nxc7 Rac8 19. Nd5 Kg7 20. Bb3 Rfd8
21. Rfe1 Be6 22. Nxf4 Bxb3 23. axb3 gxf4 24. Rxe4 Re8 25. Rxf4 Re2 26. h4 a6
27. Rb1 Na5 {Normal} 1/2-1/2

[Event "Rated Blitz game"]
[Site "?"]
[Date "2021.01.11"]
[Round "?"]
[White "Desperado77"]
[Black "batasjon"]
[Result "1/2-1/2"]
[WhiteElo "2465"]
[BlackElo "2387"]
[PlyCount "92"]
[EventDate "2021.??.??"]
[EventType "blitz"]

1. e4 e5 2. Nf3 d5 3. exd5 e4 4. Qe2 Nf6 5. d3 Qxd5 6. dxe4 Qxe4 7. Qxe4+ Nxe4
8. Bd3 Nc5 9. Bc4 Be6 10. Bxe6 Nxe6 11. O-O Nc6 12. Nc3 O-O-O 13. Be3 f6 14.
Rfe1 Nc5 15. a3 Bd6 16. b4 Nd7 17. Nb5 Nde5 18. Nxd6+ Rxd6 19. Nxe5 Nxe5 20.
Bf4 Re8 21. c4 Rde6 22. Bxe5 Rxe5 23. Kf1 Rxe1+ 24. Rxe1 Rxe1+ 25. Kxe1 Kd7 26.
Ke2 Ke6 27. Ke3 Ke5 28. f4+ Kf5 29. Kf3 h5 30. g3 g5 31. h3 g4+ 32. hxg4+ hxg4+
33. Ke3 Ke6 34. Ke4 f5+ 35. Kd4 Kd6 36. c5+ Ke6 37. b5 c6 38. a4 a6 39. bxc6
bxc6 40. Kc4 Ke7 41. Kb4 Ke6 42. Kc4 a5 43. Kd4 Kf6 44. Kc4 Ke6 45. Kd4 Kf6 46.
Kc4 Ke6 {Normal} 1/2-1/2

[Event "Rated Blitz game"]
[Site "?"]
[Date "2021.01.11"]
[Round "?"]
[White "morischwilli"]
[Black "FourNinetySix"]
[Result "1/2-1/2"]
[WhiteElo "2502"]
[BlackElo "2398"]
[PlyCount "139"]
[EventDate "2021.??.??"]
[EventType "blitz"]

1. e4 e5 2. Nf3 d5 3. exd5 Bd6 4. d4 e4 5. Ne5 Nf6 6. Bc4 Nbd7 7. f4 exf3 8.
Nxf3 O-O 9. O-O Nb6 10. Bb3 Nbxd5 11. c4 Nb4 12. a3 Nc6 13. d5 Bc5+ 14. Kh1 Ne7
15. Nc3 Ng4 16. Ne4 Be3 17. h3 Bxc1 18. Qxc1 Nh6 19. Nf6+ Kh8 20. Qg5 Ng6 21.
Nh5 f6 22. Qd2 Bf5 23. g4 Be4 24. Rae1 Re8 25. Bc2 Bxf3+ 26. Rxf3 Ng8 27. Bxg6
hxg6 28. Nf4 g5 29. Ne6 Qd6 30. Qc2 Ne7 31. Re2 Nxd5 32. cxd5 Qxd5 33. Qe4 Rad8
34. Qxd5 Rxd5 35. Rfe3 Re7 36. Kg2 c5 37. Kf3 b6 38. Nf8 Rxe3+ 39. Rxe3 Rd2 40.
Re2 Rd3+ 41. Re3 Rd2 42. b3 Rh2 43. Kg3 Ra2 44. a4 Rc2 45. Ng6+ Kh7 46. Ne7 c4
47. bxc4 Rxc4 48. Ra3 g6 49. Nd5 Kg7 50. a5 b5 51. a6 f5 52. Rb3 Ra4 53. Nc7 b4
54. Nd5 Ra3 55. Rxa3 bxa3 56. Nc3 Kf6 57. Kf3 Ke5 58. Ke3 f4+ 59. Kd3 f3 60.
Ke3 f2 61. Kxf2 Kd4 62. Na2 Kd3 63. Ke1 Kc2 64. Ke2 Kb2 65. Kd2 Kxa2 66. Kc2
Ka1 67. Kc1 Ka2 68. Kc2 Ka1 69. Kc1 Ka2 70. Kc2 {Normal} 1/2-1/2

[Event "Rated Blitz game"]
[Site "?"]
[Date "2021.01.11"]
[Round "?"]
[White "MrKokoba"]
[Black "percakupa"]
[Result "0-1"]
[WhiteElo "2521"]
[BlackElo "2338"]
[PlyCount "63"]
[EventDate "2021.??.??"]
[EventType "blitz"]

1. e4 e5 2. Nf3 d5 3. Nxe5 dxe4 4. d4 Be6 5. c4 Nf6 6. d5 Bf5 7. Nc3 Bd6 8. f4
exf3 9. Nxf3 O-O 10. Nd4 Re8+ 11. Be2 Bg4 12. Bg5 Bc5 13. O-O Bxe2 14. Ncxe2
Rxe2 15. Bxf6 gxf6 16. Qxe2 Bxd4+ 17. Kh1 Be5 18. Qh5 Nd7 19. Rf3 Nf8 20. Re1
Qd7 21. b3 Re8 22. b4 c6 23. dxc6 bxc6 24. c5 Qd2 25. Qg4+ Ng6 26. Rfe3 Rb8 27.
a3 a5 28. Re4 axb4 29. axb4 Rxb4 30. Qf3 Rb2 31. R4e2 Qxe2 32. Qf2 {Normal} 0-1

[Event "Rated Blitz game"]
[Site "?"]
[Date "2021.01.11"]
[Round "?"]
[White "Nikolaj_6"]
[Black "Rikikits"]
[Result "1-0"]
[WhiteElo "2611"]
[BlackElo "2606"]
[PlyCount "119"]
[EventDate "2021.??.??"]
[EventType "blitz"]

1. e4 e5 2. Nf3 d5 3. Nxe5 dxe4 4. Bc4 Qd4 5. Bxf7+ Ke7 6. Bxg8 Rxg8 7. Ng4 Nc6
8. Ne3 Ne5 9. Nc3 c6 10. Qh5 g6 11. Qxh7+ Rg7 12. Qh4+ g5 13. Qxe4 Qxe4 14.
Nxe4 Be6 15. d4 Nc4 16. Nxc4 Bxc4 17. Bxg5+ Ke6 18. h4 Kd5 19. f3 Kxd4 20.
O-O-O+ Ke5 21. Bf6+ Kf4 22. Bxg7 Bxg7 23. Rd7 Bh6 24. Rxb7 Rd8 25. b3 Be2 26.
Rxa7 Ke3 27. Rh7 Bf8 28. Kb2 Ra8 29. a4 c5 30. Rf7 c4 31. h5 Bh6 32. Rf6 Bg7
33. Kb1 cxb3 34. cxb3 Bd3+ 35. Ka2 Rc8 36. Re1+ Be2 37. Rxe2+ Kxe2 38. Re6 Kd3
39. h6 Rc2+ 40. Kb1 Rb2+ 41. Kc1 Bd4 42. Rd6 Ra2 43. Rxd4+ Kxd4 44. h7 Ra1+ 45.
Kb2 Rh1 46. Ng5 Rh2 47. Ka3 Kc3 48. a5 Rh5 49. Ka4 Kd4 50. f4 Kc5 51. b4+ Kc4
52. a6 Rh1 53. Ka5 Kd5 54. Kb6 Kd6 55. a7 Ke7 56. a8=Q Kf6 57. h8=Q+ Kf5 58.
Qxh1 Kg6 59. Qh7+ Kf6 60. Qc6# {Normal} 1-0

[Event "Rated Blitz game"]
[Site "?"]
[Date "2021.01.11"]
[Round "?"]
[White "Sunset_Boulevard"]
[Black "FourNinetySix"]
[Result "0-1"]
[WhiteElo "2419"]
[BlackElo "2389"]
[PlyCount "68"]
[EventDate "2021.??.??"]
[EventType "blitz"]

1. e4 e5 2. Nf3 d5 3. exd5 Bd6 4. d4 e4 5. Ne5 Nf6 6. c4 c5 7. dxc6 bxc6 8. Be2
O-O 9. O-O c5 10. Bf4 Qc7 11. Nc3 a6 12. Nd5 Nxd5 13. cxd5 f6 14. dxc5 Bxe5 15.
Qb3 Qxc5 16. Rac1 Qa7 17. Bxe5 fxe5 18. d6+ Kh8 19. Rc7 Qd4 20. Bc4 Nd7 21. Qa3
Rb8 22. b3 Rb6 23. Qc1 Qxd6 24. Be2 Nf6 25. Rxc8 Rb8 26. Rxf8+ Rxf8 27. Rd1 Qb6
28. Qe3 Qa5 29. a4 Qb4 30. Bc4 Ng4 31. Qg5 Nxf2 32. Rf1 Qc5 33. Qg3 Nd3+ 34.
Kh1 Rxf1# {Normal} 0-1

[Event "Rated Blitz game"]
[Site "?"]
[Date "2021.01.11"]
[Round "?"]
[White "Shtykov_Maxim"]
[Black "FourNinetySix"]
[Result "1-0"]
[WhiteElo "2303"]
[BlackElo "2407"]
[PlyCount "91"]
[EventDate "2021.??.??"]
[EventType "blitz"]

1. e4 e5 2. Nf3 d5 3. Nxe5 Bd6 4. d4 dxe4 5. Nc3 Bxe5 6. dxe5 Qxd1+ 7. Nxd1 Nc6
8. Bb5 Nge7 9. Nc3 Bf5 10. O-O O-O-O 11. Bg5 Ng6 12. Bxd8 Rxd8 13. Bxc6 bxc6
14. Rad1 Nxe5 15. Rxd8+ Kxd8 16. Re1 Nc4 17. b3 Na3 18. Nxe4 Nxc2 19. Rd1+ Kc8
20. Nc5 Nb4 21. a3 Nd5 22. f3 Bc2 23. Rd2 Bg6 24. Kf2 a5 25. Rd4 Nc3 26. Rc4
Nb5 27. Ra4 Kd8 28. Rxa5 Ke7 29. a4 Nc3 30. Ra7 Kd6 31. Nb7+ Kd7 32. a5 Bc2 33.
b4 Nd5 34. Nc5+ Kd6 35. Rb7 Nxb4 36. Ne4+ Bxe4 37. Rxb4 Bd5 38. a6 c5 39. Rb8
c4 40. a7 c3 41. Ke2 Ke5 42. Kd3 Kf4 43. Rb4+ Ke5 44. Rb5 c2 45. Kxc2 c5 46.
Rxc5 {Normal} 1-0

[Event "Rated Blitz game"]
[Site "?"]
[Date "2021.01.11"]
[Round "?"]
[White "Shamsutdin"]
[Black "KinzyabulatovRenat"]
[Result "1/2-1/2"]
[WhiteElo "2469"]
[BlackElo "2348"]
[PlyCount "70"]
[EventDate "2021.??.??"]
[EventType "blitz"]

1. e4 e5 2. Nf3 d5 3. Nxe5 Bd6 4. d4 dxe4 5. Nc4 Nf6 6. Nxd6+ Qxd6 7. Be3 O-O
8. Be2 Nc6 9. c4 Bf5 10. Nc3 Rad8 11. d5 Ne5 12. O-O Nd3 13. Bxd3 exd3 14. Qd2
Qb4 15. b3 a6 16. Bg5 Rd6 17. Bxf6 Rxf6 18. Ne4 Qxd2 19. Nxd2 b5 20. Rfe1 c6
21. dxc6 Rxc6 22. f3 h6 23. Kf2 bxc4 24. Nxc4 Be6 25. Ne3 Rd8 26. Red1 f5 27.
g3 g5 28. f4 Kg7 29. Rd2 Kf6 30. Rad1 Rc3 31. Ng2 Rd4 32. Ke3 Re4+ 33. Kf2 Rd4
34. Ke3 Re4+ 35. Kf2 Rd4 {Normal} 1/2-1/2

[Event "Rated Blitz game"]
[Site "?"]
[Date "2021.01.11"]
[Round "?"]
[White "micfel"]
[Black "Jomajo"]
[Result "0-1"]
[WhiteElo "2423"]
[BlackElo "2544"]
[PlyCount "112"]
[EventDate "2021.??.??"]
[EventType "blitz"]

1. e4 e5 2. Nf3 d5 3. Nxe5 Bd6 4. d4 dxe4 5. Be2 Bxe5 6. dxe5 Qxd1+ 7. Bxd1 Nc6
8. Nc3 Bf5 9. g4 Be6 10. Bf4 Nge7 11. Bg3 Ng6 12. Nxe4 Ngxe5 13. f3 O-O-O 14.
Nc3 Rhe8 15. Kf2 Rd2+ 16. Ke1 Rd7 17. Kf2 Nc4 18. b3 Na3 19. Re1 Rd2+ 20. Re2
Red8 21. Bf4 Rxe2+ 22. Nxe2 Nb4 23. Rc1 c6 24. Nc3 f5 25. h3 g6 26. Be3 b6 27.
h4 Kb7 28. Kg3 c5 29. h5 a6 30. hxg6 hxg6 31. Bg5 Rf8 32. Ne2 Bf7 33. Nf4 Re8
34. c3 Nc6 35. Be2 c4 36. b4 a5 37. bxa5 Nxa5 38. Kf2 Kc6 39. gxf5 gxf5 40. Bf6
Nb7 41. Bd4 Nd6 42. Nh3 Ndb5 43. Bf6 Re6 44. Bg7 Rg6 45. Be5 Rh6 46. Ng5 Bg8
47. f4 Rh2+ 48. Kf1 Nd6 49. Bf3+ Kd7 50. Kg1 Rd2 51. Re1 Rd3 52. Kf2 Ndb5 53.
Rh1 Nc2 54. Rh8 Be6 55. Rh7+ Ke8 56. Nxe6 Nxc3 {Time forfeit} 0-1

[Event "Rated Blitz game"]
[Site "?"]
[Date "2021.01.11"]
[Round "?"]
[White "Rejans"]
[Black "Sisyphus_64"]
[Result "1-0"]
[WhiteElo "2454"]
[BlackElo "2334"]
[PlyCount "43"]
[EventDate "2021.??.??"]
[EventType "blitz"]

1. e4 e5 2. Nf3 d5 3. d4 dxe4 4. Nxe5 Bd6 5. Nc4 Nf6 6. Bg5 h6 7. Bh4 O-O 8.
Nc3 Re8 9. Be2 Nc6 10. d5 Ne5 11. Nxd6 cxd6 12. Qd4 g5 13. Bg3 b6 14. h4 Bb7
15. hxg5 hxg5 16. Nxe4 Nxd5 17. O-O-O Rc8 18. Bb5 Re6 19. Qd2 Rg6 20. Qe2 Nf4
21. Bxf4 gxf4 22. Qh5 {Time forfeit} 1-0

[Event "Rated Blitz game"]
[Site "?"]
[Date "2021.01.11"]
[Round "?"]
[White "Sidorov5252"]
[Black "FourNinetySix"]
[Result "1/2-1/2"]
[WhiteElo "2515"]
[BlackElo "2399"]
[PlyCount "97"]
[EventDate "2021.??.??"]
[EventType "blitz"]

1. e4 e5 2. Nf3 d5 3. Nxe5 Bd6 4. d4 dxe4 5. Nc4 Be7 6. f3 Nf6 7. c3 O-O 8. Bg5
Re8 9. Kf2 exf3 10. gxf3 Ng4+ 11. fxg4 Bxg5 12. Bd3 Bh4+ 13. Kg2 Qd5+ 14. Qf3
Be6 15. Ne3 Qxf3+ 16. Kxf3 Nd7 17. Nd2 Nf6 18. Bf5 Bg5 19. Rhe1 h5 20. h3 Bh4
21. Re2 g6 22. Bxe6 Rxe6 23. gxh5 Nxh5 24. Ng2 Rxe2 25. Kxe2 Re8+ 26. Kd3 Bg5
27. Nf3 Nf4+ 28. Nxf4 Bxf4 29. Re1 Rxe1 30. Nxe1 Kg7 31. Ke4 Bg3 32. Nd3 c6 33.
c4 f5+ 34. Kf3 Bd6 35. b4 Kf6 36. a4 Bc7 37. Nc5 b6 38. Nd3 Bd6 39. b5 cxb5 40.
axb5 g5 41. Nf2 Ke6 42. Nd3 Be7 43. Nf2 Bf6 44. Ke3 Kd6 45. Nd3 Bg7 46. Nb4 Bf6
47. Nd3 Bg7 48. Nb4 Bf6 49. Nd3 {Normal} 1/2-1/2

[Event "Rated Blitz game"]
[Site "?"]
[Date "2021.01.11"]
[Round "?"]
[White "micfel"]
[Black "Jomajo"]
[Result "1-0"]
[WhiteElo "2423"]
[BlackElo "2544"]
[PlyCount "137"]
[EventDate "2021.??.??"]
[EventType "blitz"]

1. e4 e5 2. Nf3 d5 3. Nxe5 Bd6 4. d4 dxe4 5. Bf4 Ne7 6. Bc4 O-O 7. Nc3 Nbc6 8.
Bg3 Bf5 9. O-O Bxe5 10. dxe5 Ng6 11. Bd5 Ngxe5 12. Bxe4 Bxe4 13. Nxe4 b6 14.
Nc3 f6 15. Qh5 Qe8 16. Qe2 Nd4 17. Qe4 c5 18. Rfe1 Qg6 19. Qxg6 Nxg6 20. Rac1
Rfe8 21. Kf1 h5 22. h3 h4 23. Bh2 Rxe1+ 24. Kxe1 Re8+ 25. Kf1 Ne5 26. Nd5 Nc4
27. c3 Nc6 28. b3 N4e5 29. Re1 Kf7 30. Bxe5 Nxe5 31. c4 g5 32. Re3 Kg6 33. f4
gxf4 34. Nxf4+ Kf5 35. Nd5 Kg5 36. Ke2 Rg8 37. Kf2 Rg7 38. Re4 Ng6 39. Rg4+ Kf5
40. Ne3+ Ke6 41. Re4+ Kf7 42. Nf5 Rg8 43. Nxh4 Ne5 44. Nf3 Rd8 45. Nxe5+ fxe5
46. Rxe5 Rd2+ 47. Re2 Rd3 48. g3 Kf6 49. h4 Kf5 50. Kg2 Kg4 51. Re4+ Kf5 52.
Rf4+ Kg6 53. g4 Rd2+ 54. Rf2 Rd3 55. Rf3 Rd2+ 56. Kg3 Rb2 57. h5+ Kg7 58. g5
Rb1 59. h6+ Kg6 60. Rf6+ Kh7 61. Rf7+ Kh8 62. Kg4 a5 63. Kh5 Rd1 64. Kg6 Rd6+
65. Rf6 Rd8 66. h7 Rc8 67. Kh6 a4 68. g6 Rc7 69. Rf8# {Normal} 1-0

[Event "Rated Rapid game"]
[Site "?"]
[Date "2021.01.11"]
[Round "?"]
[White "Takie11"]
[Black "torcuat"]
[Result "1-0"]
[WhiteElo "2367"]
[BlackElo "2485"]
[PlyCount "129"]
[EventDate "2021.??.??"]
[EventType "rapid"]

1. e4 e5 2. Nf3 d5 3. Nxe5 Nd7 4. Nxd7 Qxd7 5. e5 d4 6. Bd3 g6 7. O-O Ne7 8. c3
a6 9. cxd4 Nc6 10. Be4 Be7 11. Nc3 Qxd4 12. Bxc6+ bxc6 13. Qf3 Bb7 14. d3 Rb8
15. Bh6 c5 16. Qg3 Bh4 17. Qf4 Qxf4 18. Bxf4 O-O 19. Rad1 Bc6 20. b3 Be7 21. d4
cxd4 22. Rxd4 Rb7 23. Rfd1 Rb4 24. Bh6 Rc8 25. Kf1 Re8 26. Nd5 Bxd5 27. Rxd5 c6
28. Rd7 Bf8 29. Rd8 Rb8 30. Rxb8 Rxb8 31. Bxf8 Kxf8 32. Rd6 Rb5 33. Rxc6 Rxe5
34. Rxa6 Rc5 35. g3 Rc2 36. Kg2 Ke7 37. a4 Rb2 38. Rb6 Ra2 39. Rb5 h5 40. h4
Kf6 41. a5 Ra3 42. b4 Ke6 43. Rb6+ Ke5 44. a6 Kd4 45. b5 Kd5 46. Rb7 f5 47. a7
Kd4 48. b6 Kc5 49. Rb8 Ra6 50. a8=Q Rxa8 51. Rxa8 Kxb6 52. Rg8 Kc5 53. Rxg6 f4
54. Rg5+ Kc4 55. Rxh5 Kd3 56. Re5 Kc3 57. gxf4 Kc4 58. Kf3 Kb4 59. Ke3 Ka4 60.
Rc5 Kb4 61. Kd4 Kb3 62. Rc8 Kb4 63. Rb8+ Ka5 64. Kc4 Ka6 65. Kc5 {Normal} 1-0

[Event "Rated Blitz game"]
[Site "?"]
[Date "2021.01.11"]
[Round "?"]
[White "wxcvbn123"]
[Black "Jomajo"]
[Result "0-1"]
[WhiteElo "2396"]
[BlackElo "2544"]
[PlyCount "142"]
[EventDate "2021.??.??"]
[EventType "blitz"]

1. e4 e5 2. Nf3 d5 3. exd5 e4 4. Qe2 Qe7 5. Nd4 Nf6 6. Nc3 Qe5 7. Nb3 Bd6 8. d3
exd3 9. Qxe5+ Bxe5 10. Bxd3 Bxc3+ 11. bxc3 Nxd5 12. Bd2 O-O 13. O-O Nd7 14. c4
N5b6 15. c5 Na4 16. Bb4 c6 17. Rfe1 Nf6 18. Re7 Nd5 19. Re4 Bf5 20. Rd4 Bxd3
21. cxd3 Rad8 22. Ba5 Nac3 23. Bxd8 Rxd8 24. Kf1 f6 25. Na5 Rd7 26. Nc4 Kf8 27.
a3 b6 28. cxb6 axb6 29. Ne3 b5 30. Nxd5 Nxd5 31. Rh4 h6 32. d4 Nb6 33. Re4 Kf7
34. Ke2 Ra7 35. Re3 Nc4 36. Rc3 Ra4 37. Kd3 Ke6 38. g4 Kd5 39. f4 Ra7 40. a4
Nb2+ 41. Kc2 Nxa4 42. Re3 Kxd4 43. Re2 Kc5 44. Rd1 Kb6 45. Re6 Nc5 46. Red6
Ra2+ 47. Kb1 Rf2 48. g5 Rxf4 49. gxh6 gxh6 50. Re1 Rf2 51. Rg1 h5 52. Rg6 Ne4
53. Re6 Rf4 54. Rh6 h4 55. Re7 b4 56. Reh7 c5 57. Rxh4 Nc3+ 58. Kb2 Rf2+ 59.
Kb3 Kb5 60. Rb7+ Kc6 61. Rf7 Nb5 62. Rh6 Nd4+ 63. Kc4 Rc2+ 64. Kd3 Kb5 65.
Rhxf6 Rc3+ 66. Kd2 Rc2+ 67. Kd3 Rxh2 68. Rb7+ Ka4 69. Ra7+ Kb3 70. Rd6 Rh3+ 71.
Ke4 Rc3 {Time forfeit} 0-1

[Event "Rated Blitz game"]
[Site "?"]
[Date "2021.01.11"]
[Round "?"]
[White "berval"]
[Black "Fidecom"]
[Result "1/2-1/2"]
[WhiteElo "2476"]
[BlackElo "2364"]
[PlyCount "111"]
[EventDate "2021.??.??"]
[EventType "blitz"]

1. e4 e5 2. Nf3 d5 3. Nxe5 Bd6 4. d4 dxe4 5. Nc4 Nf6 6. Be2 O-O 7. O-O Nc6 8.
Bg5 Nxd4 9. Nc3 Re8 10. Nxd6 Qxd6 11. Bc4 Bg4 12. Qd2 h6 13. Bf4 Qd8 14. h3 Be6
15. Rfd1 Nf3+ 16. gxf3 Qxd2 17. Rxd2 Bxc4 18. fxe4 Nxe4 19. Nxe4 Rxe4 20. Bxc7
Rae8 21. Kh2 Kh7 22. b3 Be6 23. Bg3 Rc8 24. c4 Rc5 25. Rad1 Rh5 26. h4 g5 27.
Rd4 Re2 28. a4 Rb2 29. R1d3 gxh4 30. Rxh4 Rxh4+ 31. Bxh4 Bf5 32. Rf3 Kg6 33.
Re3 Bc2 34. Rg3+ Kh5 35. Bf6 Rxb3 36. Rxb3 Bxb3 37. Bd4 a6 38. a5 Bxc4 39. Bb6
Kg4 40. Kg2 Bd5+ 41. Kh2 h5 42. Bd8 h4 43. Bb6 Kf3 44. Kh3 f5 45. Kxh4 f4 46.
Kg5 Bc6 47. Kf6 Ke4 48. Ke7 f3 49. Kd8 Kd5 50. Kc7 Kc4 51. Kb8 Kb5 52. Ka7 Ka4
53. Ka8 Kb5 54. Ka7 Ka4 55. Ka8 Kb5 56. Ka7 {Normal} 1/2-1/2

[Event "Rated Blitz game"]
[Site "?"]
[Date "2021.01.11"]
[Round "?"]
[White "TysonT"]
[Black "tactinhos2900"]
[Result "1-0"]
[WhiteElo "2404"]
[BlackElo "2531"]
[PlyCount "33"]
[EventDate "2021.??.??"]
[EventType "blitz"]

1. e4 e5 2. Nf3 d5 3. exd5 e4 4. Qe2 Be7 5. Qxe4 Nf6 6. Qe2 O-O 7. Qd1 Re8 8.
Be2 c6 9. dxc6 Nxc6 10. O-O Bg4 11. d3 Bc5 12. Nc3 Rxe2 13. Nxe2 Bxf3 14. gxf3
Qd5 15. Ng3 Nd4 16. Kg2 Nf5 17. Nxf5 {Time forfeit} 1-0

[Event "Rated Blitz game"]
[Site "?"]
[Date "2021.01.11"]
[Round "?"]
[White "S_Guliev"]
[Black "Tayota"]
[Result "1-0"]
[WhiteElo "2468"]
[BlackElo "2377"]
[PlyCount "109"]
[EventDate "2021.??.??"]
[EventType "blitz"]

1. e4 e5 2. Nf3 d5 3. exd5 e4 4. Qe2 f5 5. d3 Nf6 6. dxe4 fxe4 7. Nd4 c5 8. Nb3
Bd6 9. Nc3 O-O 10. Bg5 Bf5 11. O-O-O a6 12. h3 Nbd7 13. g4 Bg6 14. Bg2 Re8 15.
h4 h6 16. Be3 b5 17. h5 Bh7 18. g5 hxg5 19. Bxg5 b4 20. Na4 c4 21. Nd4 Qa5 22.
b3 cxb3 23. axb3 Rac8 24. Nc6 Qc7 25. Bh3 e3 26. Bxe3 Ne5 27. Bxc8 Rxc8 28.
Rhg1 Nxc6 29. dxc6 Qxc6 30. Rd2 Ne4 31. Bd4 Bf8 32. Bxg7 Bxg7 33. Qg4 Qc7 34.
h6 Nxd2 35. Qxg7+ Qxg7 36. Rxg7+ Kh8 37. Kxd2 Rxc2+ 38. Ke3 Bg8 39. Rb7 Bxb3
40. Rxb4 Bg8 41. Rb6 a5 42. Ra6 Kh7 43. Nb6 Rc6 44. Ra7+ Kxh6 45. Nd7 Re6+ 46.
Kf4 Re2 47. f3 Re7 48. Ra6+ Kg7 49. Ne5 Be6 50. Rxa5 Kf6 51. Ra6 Kg7 52. Kg5
Bg8 53. f4 Re8 54. Ra7+ Kh8 55. Ng6# {Normal} 1-0

[Event "Rated Blitz game"]
[Site "?"]
[Date "2021.01.11"]
[Round "?"]
[White "nmiq"]
[Black "FourNinetySix"]
[Result "1-0"]
[WhiteElo "2361"]
[BlackElo "2409"]
[PlyCount "65"]
[EventDate "2021.??.??"]
[EventType "blitz"]

1. e4 e5 2. Nf3 d5 3. exd5 Bd6 4. Nc3 Nf6 5. Bb5+ c6 6. dxc6 bxc6 7. Be2 e4 8.
Ng5 Bf5 9. d3 exd3 10. Bxd3 Bxd3 11. Qxd3 O-O 12. O-O Qc7 13. h3 Nbd7 14. Be3
Ne5 15. Qf5 Rab8 16. b3 Ng6 17. Rad1 Be5 18. Nce4 h6 19. Nxf6+ Bxf6 20. Nf3 Rb5
21. Qg4 Re8 22. a4 Rd5 23. Qc4 Qd6 24. Rxd5 cxd5 25. Qb5 a6 26. Qxe8+ Nf8 27.
Nd4 Kh7 28. Qc6 Qe5 29. Qxa6 Ng6 30. Nf3 Qe4 31. Qd3 Qe7 32. a5 Kg8 33. a6 {
Normal} 1-0

[Event "Rated Blitz game"]
[Site "?"]
[Date "2021.01.11"]
[Round "?"]
[White "micfel"]
[Black "Jomajo"]
[Result "0-1"]
[WhiteElo "2415"]
[BlackElo "2552"]
[PlyCount "116"]
[EventDate "2021.??.??"]
[EventType "blitz"]

1. e4 e5 2. Nf3 d5 3. Nxe5 Bd6 4. d4 dxe4 5. Bf4 Ne7 6. Bc4 O-O 7. Qh5 Bxe5 8.
Bxe5 Nbc6 9. Nc3 Nxe5 10. Qxe5 Nc6 11. Qd5 Be6 12. Qxd8 Rfxd8 13. Bxe6 fxe6 14.
O-O-O Nxd4 15. Nxe4 b6 16. c3 Nf5 17. Ng5 Rd6 18. Rxd6 Nxd6 19. Nxe6 Re8 20.
Nf4 Kf7 21. Rd1 Re4 22. Nd3 Nc4 23. Re1 Rh4 24. h3 Rh6 25. b3 Nd6 26. Ne5+ Kg8
27. Nc6 Rf6 28. f3 Nf5 29. Nxa7 Nh4 30. Re2 Rg6 31. Nb5 c6 32. Nd4 c5 33. g3
cxd4 34. gxh4 dxc3 35. Kc2 Rg3 36. Kxc3 Rxf3+ 37. Kb4 Rxh3 38. Kb5 Rxh4 39.
Kxb6 g5 40. a4 Rb4+ 41. Kc7 Rxb3 42. Ra2 Rc3+ 43. Kb7 h5 44. a5 Rf3 45. a6 Rf7+
46. Kc6 Rf8 47. a7 Ra8 48. Kb7 Rxa7+ 49. Kxa7 Kg7 50. Kb6 Kf6 51. Kc5 Ke5 52.
Rh2 h4 53. Kc4 Ke4 54. Kc3 Kf3 55. Kd2 Kg3 56. Rh1 Kg2 57. Re1 g4 58. Ke3 g3 {
Time forfeit} 0-1

[Event "Rated Blitz game"]
[Site "?"]
[Date "2021.01.11"]
[Round "?"]
[White "satranc777"]
[Black "FourNinetySix"]
[Result "0-1"]
[WhiteElo "2424"]
[BlackElo "2385"]
[PlyCount "90"]
[EventDate "2021.??.??"]
[EventType "blitz"]

1. e4 e5 2. Nf3 d5 3. Nxe5 Bd6 4. d4 dxe4 5. Nc4 Be7 6. Nc3 Nf6 7. Bg5 Bf5 8.
Qd2 Nbd7 9. O-O-O h6 10. Bf4 Nh5 11. Kb1 Bg6 12. Nb5 Nxf4 13. Qxf4 O-O 14. Nxc7
Rc8 15. Nd5 Bg5 16. Qg3 b5 17. Nce3 Bh4 18. Qh3 Bxf2 19. Bxb5 Nb6 20. Nxb6 Qxb6
21. Ba4 f5 22. Bb3+ Kh7 23. Nd5 Qd6 24. Rhf1 e3 25. Nxe3 Bxe3 26. Qxe3 f4 27.
Qe5 Qc6 28. Rd2 Rce8 29. Qd5 Qa6 30. Qc4 Qf6 31. Rdf2 Qh4 32. a3 Qxh2 33. d5
Qg3 34. d6 Re3 35. Ka2 Bf7 36. Qxf4 Bxb3+ 37. cxb3 Rxf4 38. Rxf4 Rxb3 39. Rd4
Rd3 40. Rd1 Rxd4 41. Rxd4 Qe5 42. Rd1 Qe2 43. Rd4 Qe5 44. Rd1 Qe6+ 45. b3 Qe2+
{Normal} 0-1